000 00735cab a2200193 4500
001 ABS52475
008 090401t1995 xxu||||| |||| 00| 0 eng d
035 _a(Sirsi) u80654
041 _aeng
100 _aMcIntosh, A.
245 4 _aThe UK property market: index and comment
260 _c1995
350 _a0
490 _aProperty Review
_v5(2) March 1995, 58-65(8)
520 _aA round up of research from Richard Ellis on the commercial property market, with commentary on the retail and Scottish office sectors from Healey & Baker and Weatherall Green & Smith, and an analysis of Abbey National`s housing survey.
690 _aPROPERTY-COMMERCIAL PROPERTY-COMMERCIAL PROPERTY MARKET
942 _n0
948 _c04/03/1997
999 _c50776
_d50776